Normal view MARC view
  • Ciencia

Entry Materia

Number of records used in: 6

001 - NÚMERO DE CONTROL DEL REGISTRO

  • campo de control: 10100

003 - IDENTIFICADOR DE NUMERO DE CONTROL

  • campo de control: MX-MxUPN

005 - FECHA Y HORA DE LA ÚLTIMA TRANSACCIÓN

  • campo de control: 20240711153401.0

008 - DATOS DE LONGITUD FIJA

  • campo de control de longitud fija: 240711nn|acnnnbabn n ana |d

035 ## - NÚMERO DE CONTROL DEL SISTEMA

  • Número de control del sistema: UPN10000010107

040 ## - FUENTE DE LA CATALOGACIÓN

  • Lengua de catalogación: spa
  • Agencia de transcripción: MX-MxUPN
  • Centro catalogador de origen: MX-MxUPN

150 ## - ENCABEZAMIENTO - TEMÁTICO

  • Término de materia o nombre geográfico como elemento inicial: Ciencia
  • Subdivisión de materia general: Estudio y enseñanza (Superior)
  • Subdivisión geográfica: Estados Unidos

670 ## - FUENTE EN LA QUE SE LOCALIZARON DATOS

  • Cita de la fuente: E/P

670 ## - FUENTE EN LA QUE SE LOCALIZARON DATOS

  • Cita de la fuente: Autoridades BGTQ, 11 julio 2024 :
  • Información localizada: (Ciencia-- Estudio y enseñanza (Superior) -- Estados Unidos)

902 ## - CATALOGADOR

  • Catalogador: BDV/050301